Reporting the bottom line. issue 3 : financial accounting

Bibliographic Details
Main Author: Sims, Michael A.
Other Authors: Haezlewood, Terry
Format: Book
Language:English
Published: Frenchs Forest, NSW : Pearson Education , 2003
Subjects:

MARC

LEADER 00000cam a2200000 7i4500
001 0000024372
005 20120509.0
008 120504s at # eng
020 |a 174009428X ,   |c RM141.00 
040 |a INS 
090 0 0 |a HF5636   |b S56 2003 
100 1 |a Sims, Michael A. 
245 1 0 |a Reporting the bottom line. issue 3 :   |b financial accounting   |c Michele A. Sims, Terry Heazlewood 
260 |a Frenchs Forest, NSW :   |b Pearson Education ,   |c 2003 
300 |a v,167p. ;   |c 24cm. 
650 0 |a Accounting 
650 0 |a Accounting   |x Problems, exercises, etc. 
700 1 |a Haezlewood, Terry 
999 |a 1000000797   |b BOOK   |c Open Shelf   |e Default branch